000 00667nam a22002297a 4500
001 BR7701388
003 BR-BrBNA
005 20230928085213.0
007 ta
008 230509b bl.||||| |||| 00| 0 por d
040 _aBR-BrBNA
_bpor
_cBiblioteca Nacional de Agricultura
041 _a(Por)
072 _aF00
_b0210
090 _ 0210 BR7701388
110 1 _aApoio Governamental a Implantacao do Plano Nacional de Sementes, Brasilia, DF (Brasil)
_9128
245 1 _aTecnologia e producao de batatas-semente
260 3 _aBrasilia, DF (Brasil):
_c1976.
300 _a210 p.
650 _aBATATA SEMENTE
909 _a202309
_bLucia
_c55
_dLucia Elande
942 _cBK
999 _c23268
_d23268